Entre Dios y el César: el impacto político de los evangélicos en el Perú y América Latina

Wedi'i Gadw mewn:
Manylion Llyfryddiaeth
Prif Awdur: Pérez Guadalupe, José Luis (Awdur)
Fformat: Llyfr
Iaith:Sbaeneg
Cyhoeddwyd: Lima Konrad Adenauer Stiftung 2017
Lima Instituto de Estudios Social Cristianos 2017
Rhifyn:1a. ed
Pynciau:
Tagiau: Ychwanegu Tag
Dim Tagiau, Byddwch y cyntaf i dagio'r cofnod hwn!

MARC

LEADER 00000cam a2200000 a 4500
001 UCC6847
003 CL-VaPUC
008 190118e20170000pe |||||||||||||||||spa|d
020 |a 9789972263972 
082 0 4 |a 280.4  |b PER  |2 21 
100 0 |a Pérez Guadalupe, José Luis  |e author  |9 601372 
245 1 0 |a Entre Dios y el César: el impacto político de los evangélicos en el Perú y América Latina 
250 |a 1a. ed 
300 |a 234 p 
942 |c BK 
945 |d 20190118 13:18:00  |a dcastane 
260 |a Lima  |b Konrad Adenauer Stiftung  |c 2017 
260 |a Lima  |b Instituto de Estudios Social Cristianos  |c 2017 
650 0 |a Evangélicos   |9 509827 
650 0 |a Religión y sociedad  |9 380181 
583 |a last modification  |c 20190118 13:18:00  |k Rodrigo Vera 
999 |c 373697  |d 373695 
952 |0 0  |1 0  |3 erb  |4 0  |6 280_400000000000000_PER_2017_2017  |7 0  |8 A  |9 491909  |a BIBTEO  |b BIBTEO  |i 5529077  |o 280.4 PER 2017 2017  |p 5529077  |r 2025-01-17  |w 2019-11-24  |y BK  |z Catalogado en:20190118  |k ICR